| 000 | 00618nam a2200205 4500 | ||
|---|---|---|---|
| 001 | 122993 | ||
| 003 | ES-MaACL | ||
| 007 | t| | ||
| 008 | 070214s1985 sp r ||||0| spa d | ||
| 020 | _a84-398-3668-6 | ||
| 100 | 1 |
_aPutnam, Hilary. _994434 |
|
| 245 | 1 | 0 |
_aRacionalidad y metafísica / _cHilary Putnam ; traducción de Josefa Toribio. |
| 260 |
_aMadrid : _bRevista Teorema, _c1985. |
||
| 300 |
_a86 p ; _c20 cm. |
||
| 490 | 1 |
_aCuadernos teorema ; _v65 |
|
| 700 | 1 |
_aToribio, Josefa. _9110636 |
|
| 830 | 0 |
_aCuadernos teorema ; _v65 _9180999 |
|
| 852 |
_aES-MaACL _jL-7514 _bR.108264 |
||
| 999 |
_c122993 _d122993 |
||